Inclusive Legal Positivism

Salvato in:
Dettagli Bibliografici
Autore principale: Waluchow, Wilfrid J (Autore)
Natura: Libro
Lingua:inglese
Pubblicazione: Nueva York Oxford University Press 1994
Edizione:1a. ed
Soggetti:
Tags: Aggiungi Tag
Nessun Tag, puoi essere il primo ad aggiungerne!!

MARC

LEADER 00000nam a2200000 a 4500
001 UCJ9283
003 CL-VaPUC
008 070309e19940000US |||||||||||||||||eng|d
020 |a 0198258127 
082 0 4 |a 340.1  |b WAL  |2 21 
100 0 |a Waluchow, Wilfrid J  |e author  |9 519254 
245 1 0 |a Inclusive Legal Positivism 
250 |a 1a. ed 
300 |a 290 p 
942 |c BK 
945 |d 20070309 00:00:00  |a lvergara 
260 |a Nueva York  |b Oxford University Press  |c 1994 
650 0 |a Filosofía del derecho   |9 255050 
650 0 |a Positivismo jurídico  |9 255992 
650 0 |a Teoría del derecho  |9 255982 
583 |a last modification  |c 20070309 00:00:00  |k Rodrigo Vera 
999 |c 324861  |d 324859 
952 |0 0  |1 0  |4 0  |6 340_100000000000000_WAL_1994  |7 0  |8 A  |9 405237  |a BIBDER  |b BIBDER  |d 2019-11-22  |i 4286960  |o 340.1 WAL 1994  |p 4286960  |r 2023-01-25  |w 2019-11-22  |y BK  |k DER